00801cam a22002291 4500001000400000003000800004005001700012008003900029035001700068035001800085040004100103041000800144082002800152245018800180260004800368300002100416504003200437650002400469650003800493700002200531700001800553780BD-RjUL20211208233229.0131123s1966 nyu b 001 0 eng a(BD-RjUL)800 a(OCoLC)575021 aDLCcODaWUdOCoLCdDLCdBD-RjULbeng aeng00a021.20942221bLIB 196604aThe library in colleges of commerce and technology :ba guide to the use of a library as an instrument of education /cedited by Gordon H. Wright. Contributors: J. Cowley [and others] aNew York :bLondon House & Maxwell,cc1966. a175 p. ;c23 cm. aBibliography: p. [163]-166. 0aBusiness libraries. 0aScience and technology libraries.1 aWright, Gordon H.1 aCowley, John.